Statistics for Crazy Frog - Blue Lyrics

Click here to take the quiz!

General Stats

  • This quiz has been taken 8 times
  • The average score is 131 of 384

Answer Stats

Lyric% Correct
Ba
83%
Da
83%
Di
67%
A
50%
Blue
50%
I
50%
I’m
50%
About
33%
And
33%
Dee
33%
Everything
33%
Guy
33%
He
33%
Here
33%
Here’s
33%
Him
33%
In
33%
Inside
33%
Is
33%
Just
33%
Listen
33%
Little
33%
Live
33%
Lives
33%
So
33%
Story
33%
That
33%
To
33%
Up
33%
Window
33%
World
33%
All
17%
Around
17%
Colour
17%
Corvette
17%
Day
17%
Ding
17%
For
17%
Have
17%
Himself
17%
His
17%
House
17%
Me
17%
Night
17%
Outside
17%
Sees
17%
The
17%
With
17%
Yo
17%
Ain’t
0%
Are
0%
Bem
0%
Bop
0%
Boyfriend
0%
‘Cause
0%
Dor
0%
Dung
0%
Everybody
0%
Feelings
0%
Got
0%
It’s
0%
Like
0%
My
0%
Nobody
0%
Of
0%
People
0%
Say
0%
Standing
0%
Streets
0%
Think
0%
Too
0%
Trees
0%
Walk
0%
Wear
0%
Wee
0%
What
0%
Words
0%

Score Distribution

Percentile by Number Answered

Percent of People with Each Score

Your Score History

You have not taken this quiz